000
00290nam a22001337a 4500
008
170904b xxu||||| |||| 00| 0 eng d
020
_a
0534067026
041
_a
eng
080
_a
070
100
_a
40
101
_a
MED
245
_a
MASS MEDIA RESEARCH
_c
WIMER.R.D
942
_2
udc
_c
BK
999
_c
26076
_d
26076